[Event "III Open Magistrale"]
[Site "Castellaneta ITA"]
[Date "1999.08.31"]
[Round "5"]
[White "De Bortoli, Peter"]
[Black "Pizzuto, Samuele Tullio"]
[Result "0-1"]
[WhiteElo "2225"]
[BlackElo "2133"]
[PlyCount "87"]
[EventDate "1999.08.29"]

1.e4 Nc6 2.Nc3 d6 3.a3 Nf6 4.Bc4 g6 5.d4 Bg7 6.f3 e5 7.Nge2 exd4 8.Nxd4 
Nxe4 9.Nxe4 Bxd4 10.Bg5 f6 11.Bd5 Be5 12.Bh6 Qe7 13.Qd2 f5 14.Bg5 Qg7 15.
Bh6 Qe7 16.Bg5 Qf8 17.Nc3 h6 18.f4 Bxc3 19.Qxc3 hxg5 20.Bxc6+ Kd8 21.Bf3 
Qe7+ 22.Kd2 Rf8 23.Rae1 Qf6 24.Qxf6+ Rxf6 25.fxg5 Re6 26.Bd5 Re7 27.Rxe7 
Kxe7 28.Re1+ Kf8 29.b3 c6 30.Be6 d5 31.h4 Bxe6 32.Rxe6 Kf7 33.Rf6+ Kg7 34.
Rd6 Rf8 35.Rd7+ Rf7 36.Rd8 Re7 37.g3 Kf7 38.Kd3 Kg7 39.a4 Kf7 40.Kd4 Re4+ 
41.Kc5 Re2 42.Rd7+ Ke6 43.Rd6+ Ke5 44.Rxg6 0-1

[Event "III Open Magistrale"]
[Site "Castellaneta ITA"]
[Date "1999.08.31"]
[Round "5"]
[White "De Santis, Alessio"]
[Black "Rettore, Ludwig"]
[Result "1-0"]
[WhiteElo "2352"]
[BlackElo "1909"]
[PlyCount "69"]
[EventDate "1999.08.29"]

1.d4 d5 2.Nf3 Nf6 3.e3 e6 4.Bd3 Bd6 5.Nbd2 c5 6.c3 O-O 7.O-O b6 8.e4 dxe4 
9.Nxe4 Bb7 10.Nxd6 Qxd6 11.dxc5 Qxc5 12.Bf4 Re8 13.Re1 Nbd7 14.Ne5 Rad8 
15.Qc2 Qd5 16.Bf1 Nxe5 17.Rxe5 Qc6 18.Rae1 Rd4 19.Qc1 Rd5 20.c4 Rxe5 21.
Bxe5 Ng4 22.Bg3 f6 23.Rd1 e5 24.b4 Nh6 25.f3 Nf5 26.Bf2 e4 27.b5 Qc8 28.
fxe4 Bxe4 29.c5 bxc5 30.Qc4+ Kh8 31.Qxc5 Qb8 32.Qxa7 Qf4 33.Qd7 Rg8 34.b6 
Ne3 35.Qd2 1-0

[Event "III Open Magistrale"]
[Site "Castellaneta ITA"]
[Date "1999.08.31"]
[Round "5"]
[White "Ficco, Corrado"]
[Black "Di Gianni, Rocco"]
[Result "1-0"]
[WhiteElo "2169"]
[BlackElo "2120"]
[PlyCount "75"]
[EventDate "1999.08.29"]

1.c4 f5 2.Nf3 Nf6 3.g3 g6 4.Bg2 Bg7 5.d4 O-O 6.Nc3 d6 7.O-O Nc6 8.d5 Ne5 
9.Nxe5 dxe5 10.e4 f4 11.gxf4 Nh5 12.fxe5 Bxe5 13.Ne2 Qd6 14.f4 Nxf4 15.
Bxf4 Bxf4 16.Nxf4 Rxf4 17.Rxf4 Qxf4 18.Qd4 Bg4 19.Rf1 Qg5 20.Qc3 Rd8 21.
Qg3 h6 22.h4 Qh5 23.Qxc7 Rf8 24.Qxe7 Rxf1+ 25.Bxf1 g5 26.Qd8+ Kg7 27.Qc7+ 
Kf6 28.e5+ Kf5 29.Bd3+ Kf4 30.e6+ Ke3 31.Qg3+ Bf3 32.Bf1 gxh4 33.Qf2+ Ke4 
34.Bg2 Bxg2 35.Qxg2+ Kd4 36.e7 h3 37.Qd2+ Ke5 38.e8=Q+ 1-0

[Event "III Open Magistrale"]
[Site "Castellaneta ITA"]
[Date "1999.08.31"]
[Round "5"]
[White "Foisor, Ovidiu-Doru"]
[Black "Iordachescu, Viorel"]
[Result "0-1"]
[WhiteElo "2472"]
[BlackElo "2553"]
[PlyCount "120"]
[EventDate "1999.08.29"]

1.c4 Nf6 2.Nf3 g6 3.g3 Bg7 4.Bg2 O-O 5.O-O d6 6.Nc3 e5 7.d4 Nbd7 8.h3 c6 
9.dxe5 dxe5 10.Qc2 Qe7 11.Rd1 h6 12.e4 Ne8 13.b3 Nc7 14.Bb2 Ne6 15.Ne2 b6 
16.a3 Bb7 17.Nc1 c5 18.Re1 Nd4 19.Nxd4 exd4 20.Nd3 g5 21.Bc1 Rae8 22.f4 
gxf4 23.Bxf4 Qe6 24.e5 Bxg2 25.Qxg2 Qg6 26.Qf3 Re6 27.Re2 Rfe8 28.Rae1 Kh7
29.Kg2 h5 30.g4 Kg8 31.g5 h4 32.Kf2 Qf5 33.Re4 Nf8 34.Bd2 Qh7 35.Bf4 Ng6 
36.Bh2 Qh8 37.Kg2 Bf8 38.Qf5 Qg7 39.Kh1 a6 40.a4 Be7 41.Nf2 Nf8 42.Bf4 Qh7
43.Qxh7+ Nxh7 44.Bd2 Bxg5 45.Bxg5 Nxg5 46.Rg4 Rg6 47.Reg1 Rxe5 48.Nd3 Re3 
49.Nf4 Ne4 50.Nxg6 Nf2+ 51.Kh2 Nxg4+ 52.Rxg4 fxg6 53.Rxg6+ Kf7 54.Rxb6 
Re2+ 55.Kg1 Ke7 56.Kf1 Re4 57.b4 cxb4 58.Rxb4 Kd6 59.Rb6+ Kc5 60.Rxa6 d3 
0-1

[Event "III Open Magistrale"]
[Site "Castellaneta ITA"]
[Date "1999.08.31"]
[Round "5"]
[White "Genocchio, Daniele"]
[Black "Campanile, Roberto"]
[Result "1-0"]
[WhiteElo "2291"]
[BlackElo "2156"]
[PlyCount "67"]
[EventDate "1999.08.29"]

1.e4 c5 2.Nc3 Nc6 3.Nge2 g6 4.d4 cxd4 5.Nxd4 Bg7 6.Be3 d6 7.Qd2 Nf6 8.f3 
O-O 9.O-O-O Bd7 10.Kb1 a6 11.g4 Rc8 12.h4 h5 13.gxh5 Nxh5 14.Rg1 Kh7 15.
Be2 Nxd4 16.Bxd4 Bxd4 17.Qxd4 Rc5 18.Rg5 Rxg5 19.hxg5 Bc6 20.f4 f6 21.f5 
fxg5 22.Rh1 Kg8 23.Bc4+ Kh7 24.Be2 Kg8 25.Bxh5 gxh5 26.Rxh5 Kf7 27.Rh7+ 
Ke8 28.Qg7 Kd7 29.Qxg5 Rh8 30.Qh5 Rxh7 31.Qxh7 Qf8 32.a4 Qf6 33.Qh3 Kd8 
34.Qg3 1-0

[Event "III Open Magistrale"]
[Site "Castellaneta ITA"]
[Date "1999.08.31"]
[Round "5"]
[White "Gueci, Riccardo"]
[Black "Bottino, Alexiei"]
[Result "1-0"]
[WhiteElo "2151"]
[BlackElo "2207"]
[PlyCount "77"]
[EventDate "1999.08.29"]

1.e4 e6 2.d4 d5 3.Nc3 Bb4 4.exd5 exd5 5.Bd3 c5 6.dxc5 Nc6 7.Bd2 Nge7 8.Qh5
Be6 9.Nf3 Qd7 10.Ng5 O-O-O 11.Nxe6 fxe6 12.O-O-O Bxc5 13.f4 Rdf8 14.Kb1 h6
15.Rhe1 g5 16.g3 Nf5 17.Bc1 Ng7 18.Qg4 gxf4 19.Bxf4 h5 20.Qg6 Qf7 21.Qxf7 
Rxf7 22.Nb5 Rd7 23.a3 Rf8 24.b4 Bb6 25.Nd6+ Kd8 26.c4 Bf2 27.Rf1 e5 28.
Bg5+ Kc7 29.Nb5+ Kb8 30.cxd5 Rxd5 31.Be3 e4 32.Bxf2 e3 33.Bxe3 Rxf1 34.
Rxf1 Rxd3 35.Rf8+ Nd8 36.Bf4+ Kc8 37.Nxa7+ Kd7 38.Nb5 Nge6 39.Rf6 1-0

[Event "III Open Magistrale"]
[Site "Castellaneta ITA"]
[Date "1999.08.31"]
[Round "5"]
[White "Isonzo, David"]
[Black "Safranska, Anda"]
[Result "1-0"]
[WhiteElo "2257"]
[BlackElo "2267"]
[PlyCount "113"]
[EventDate "1999.08.29"]

1.e4 Nf6 2.e5 Nd5 3.d4 d6 4.c4 Nb6 5.f4 dxe5 6.fxe5 Nc6 7.Nf3 Bg4 8.Be3 e6
9.Be2 Qd7 10.Nbd2 Be7 11.O-O O-O 12.Qe1 f6 13.Qg3 Bf5 14.Nb3 fxe5 15.dxe5 
Kh8 16.Rad1 Qe8 17.Nfd4 Nxd4 18.Nxd4 c6 19.Nxf5 exf5 20.Bd3 Rd8 21.Qe1 g6 
22.Qa5 Nc8 23.Qc3 Qf7 24.c5 Qg7 25.Bc4 h5 26.b4 Kh7 27.Bd4 Bg5 28.e6 Rxd4 
29.Rxd4 Bf6 30.Rfd1 Ne7 31.Qd3 Bxd4+ 32.Qxd4 b5 33.cxb6 Qxd4+ 34.Rxd4 axb6
35.Rd7 Re8 36.a4 Kg7 37.a5 bxa5 38.bxa5 Kf6 39.a6 Nd5 40.Rxd5 cxd5 41.Bxd5
Ke5 42.Bb7 Kxe6 43.a7 h4 44.a8=Q Rxa8 45.Bxa8 g5 46.Kf2 Ke5 47.Bb7 Kd4 48.
Kf3 Ke5 49.h3 Kf6 50.Bc8 Ke5 51.Ke3 Kf6 52.Kd4 g4 53.hxg4 fxg4 54.Bxg4 Kg5
55.Bh3 Kf4 56.Kd3 Ke5 57.Ke3 1-0

[Event "III Open Magistrale"]
[Site "Castellaneta ITA"]
[Date "1999.08.31"]
[Round "5"]
[White "Lazarev, Vladimir"]
[Black "Foisor, Cristina-Adela"]
[Result "1-0"]
[WhiteElo "2501"]
[BlackElo "2371"]
[PlyCount "51"]
[EventDate "1999.08.29"]

1.d4 g6 2.c4 Bg7 3.e4 d6 4.Nc3 e5 5.Nf3 Nc6 6.Bg5 f6 7.Be3 exd4 8.Nxd4 
Nxd4 9.Qxd4 Ne7 10.c5 dxc5 11.Qxc5 c6 12.Bc4 Bd7 13.O-O-O b6 14.Qb4 Qc7 
15.a4 g5 16.Qb3 Rf8 17.h4 h6 18.e5 Qxe5 19.Rhe1 Qc7 20.Ne4 Nd5 21.Nxf6+ 
Kd8 22.Nxd7 Rf7 23.Nxb6 Rb8 24.Nxd5 cxd5 25.Rxd5+ Kc8 26.Rb5 1-0

[Event "III Open Magistrale"]
[Site "Castellaneta ITA"]
[Date "1999.08.31"]
[Round "5"]
[White "Mautone, Valerio"]
[Black "Artizzu, Giulio"]
[Result "0-1"]
[WhiteElo "1900"]
[BlackElo "1825"]
[PlyCount "90"]
[EventDate "1999.08.29"]

1.e4 c5 2.Nf3 d6 3.d4 cxd4 4.Nxd4 Nf6 5.Nc3 a6 6.Bc4 e6 7.Bb3 Be7 8.O-O 
O-O 9.f4 b5 10.Qf3 Bb7 11.a3 Nbd7 12.f5 e5 13.Nde2 Nc5 14.Bd5 Bxd5 15.exd5
Rc8 16.Ng3 Qb6 17.Kh1 Qb7 18.Bg5 Kh8 19.Be3 Na4 20.Nge4 Nxb2 21.g4 Nxd5 
22.Nxd6 Bxd6 23.Nxd5 e4 24.Qxe4 Rfe8 25.Qg2 Re5 26.Bd4 Qxd5 27.Qxd5 Rxd5 
28.Bxb2 Rxc2 29.Rfd1 Rdd2 30.Rxd2 Rxd2 31.Re1 h5 32.Be5 Bxe5 33.Rxe5 hxg4 
34.Re7 Rd3 35.Rxf7 Rxa3 36.f6 gxf6 37.Rxf6 b4 38.Kg2 a5 39.Rf1 b3 40.Rb1 
a4 41.Kg3 b2+ 42.Kxg4 Rb3 43.Kg5 a3 44.Kh6 a2 45.Re1 Rb6+ 0-1

[Event "III Open Magistrale"]
[Site "Castellaneta ITA"]
[Date "1999.08.31"]
[Round "5"]
[White "Mazzilli, Piero"]
[Black "Scalcione, Michelangelo"]
[Result "1-0"]
[WhiteElo "2131"]
[BlackElo "2177"]
[PlyCount "63"]
[EventDate "1999.08.29"]

1.e4 e5 2.Bc4 Nf6 3.d4 exd4 4.Nf3 Nxe4 5.Qxd4 Nf6 6.Bg5 Be7 7.Nc3 O-O 8.
O-O-O h6 9.h4 c6 10.Rdg1 d5 11.Be2 c5 12.Qf4 Bd6 13.Qd2 d4 14.Bxf6 Qxf6 
15.Ne4 Qf4 16.Nxd6 Qxd6 17.g4 Nc6 18.h5 f6 19.Nh4 Be6 20.f4 c4 21.c3 d3 
22.Bf3 Rab8 23.Ng6 Rfd8 24.g5 hxg5 25.fxg5 f5 26.h6 gxh6 27.gxh6 Kh7 28.
Nf4 Rg8 29.Bh5 Ne7 30.Qe3 Bd7 31.Re1 b5 32.Qxe7+ 1-0

[Event "III Open Magistrale"]
[Site "Castellaneta ITA"]
[Date "1999.08.31"]
[Round "5"]
[White "Patavia, Antonio"]
[Black "Lagumina, Giulio"]
[Result "0-1"]
[WhiteElo "2080"]
[BlackElo "2281"]
[PlyCount "68"]
[EventDate "1999.08.29"]

1.e4 e5 2.Nf3 d6 3.d4 exd4 4.Nxd4 g6 5.Nc3 Bg7 6.Be3 Nf6 7.Qd2 O-O 8.O-O-O
Re8 9.f3 Nc6 10.Be2 a6 11.h4 Ne5 12.Bh6 Bh8 13.Bg5 b5 14.g4 Bb7 15.h5 c5 
16.Nf5 gxf5 17.gxf5 h6 18.Bxh6 Kh7 19.Bg5 b4 20.Nb1 Qa5 21.Qe1 d5 22.Qh4 
Ned7 23.Rhg1 Qxa2 24.h6 c4 25.Be3 Ng4 26.Rd4 c3 27.bxc3 bxc3 28.Rxg4 Qb2+ 
29.Kd1 Qxb1+ 30.Bc1 Bxd4 31.Rg7+ Bxg7 32.hxg7+ Kxg7 33.Qg5+ Kf8 34.f6 Re6 
0-1

[Event "III Open Magistrale"]
[Site "Castellaneta ITA"]
[Date "1999.08.31"]
[Round "5"]
[White "Quimi, Marco"]
[Black "Delfino, Luigi"]
[Result "1-0"]
[WhiteElo "2216"]
[BlackElo "1909"]
[PlyCount "29"]
[EventDate "1999.08.29"]

1.e4 c5 2.Nc3 d6 3.f4 Nc6 4.Bc4 e6 5.Nf3 Nge7 6.d3 g6 7.O-O Bg7 8.Qe1 Nd4 
9.Nxd4 Bxd4+ 10.Kh1 O-O 11.f5 exf5 12.Bg5 Qe8 13.Qh4 Bxc3 14.bxc3 Nc6 15.
Bf6 1-0

[Event "III Open Magistrale"]
[Site "Castellaneta ITA"]
[Date "1999.08.31"]
[Round "5"]
[White "Scafarelli, Francesco"]
[Black "Chiaretti, Roberto"]
[Result "1/2-1/2"]
[WhiteElo "2310"]
[BlackElo "2185"]
[PlyCount "52"]
[EventDate "1999.08.29"]

1.d4 Nf6 2.Nf3 d5 3.c4 e6 4.Nc3 Bb4 5.Bd2 O-O 6.e3 Nbd7 7.Bd3 dxc4 8.Bxc4 
a6 9.a3 Be7 10.O-O c5 11.a4 cxd4 12.exd4 Nb6 13.Bb3 Bd7 14.Ne5 Rc8 15.Qf3 
Bc6 16.Nxc6 Rxc6 17.Be3 Qd6 18.Rfc1 Rfc8 19.Qd1 Nc4 20.Bxc4 Rxc4 21.Ne2 
Nd5 22.b3 R4c6 23.Rxc6 Rxc6 24.Rc1 h6 25.Rxc6 Qxc6 26.Qc1 Qxc1+ 1/2-1/2

[Event "III Open Magistrale"]
[Site "Castellaneta ITA"]
[Date "1999.08.31"]
[Round "5"]
[White "Sermek, Drazen"]
[Black "Efimov, Igor"]
[Result "1/2-1/2"]
[WhiteElo "2545"]
[BlackElo "2445"]
[PlyCount "99"]
[EventDate "1999.08.29"]

1.e4 g6 2.d4 Bg7 3.Nc3 d6 4.Bg5 Nc6 5.Nge2 Nf6 6.f4 O-O 7.Qd2 a6 8.e5 dxe5
9.fxe5 Nd5 10.O-O-O f6 11.Nxd5 Qxd5 12.Nc3 Qxd4 13.exf6 Qxd2+ 14.Rxd2 exf6
15.Bc4+ Kh8 16.Bf4 Ne5 17.Bb3 Bf5 18.Re1 Rad8 19.Nd5 c6 20.Nxf6 Rxd2 21.
Kxd2 Rd8+ 22.Kc1 Nd3+ 23.cxd3 Bxf6 24.d4 Kg7 25.Be5 Bxe5 26.dxe5 Kf8 27.h3
Ke7 28.g4 Be6 29.Bc2 Rd4 30.a3 a5 31.Re3 Bd5 32.Bd3 b5 33.Kc2 Rf4 34.Kd2 
Rf2+ 35.Kc3 Ke6 36.Be2 Rf4 37.b4 axb4+ 38.axb4 Bg2 39.Bd3 Bf1 40.Be4 Bxh3 
41.Bxc6 Rc4+ 42.Kb3 Rxc6 43.Rxh3 Rc7 44.Re3 Kd5 45.e6 Re7 46.Rc3 Kxe6 47.
Rc5 Rb7 48.g5 Kd6 49.Kb2 Rb6 50.Kb3 1/2-1/2

[Event "III Open Magistrale"]
[Site "Castellaneta ITA"]
[Date "1999.08.31"]
[Round "5"]
[White "Sibilio, Mario"]
[Black "Ortega, Lexy"]
[Result "1-0"]
[WhiteElo "2336"]
[BlackElo "2499"]
[PlyCount "53"]
[EventDate "1999.08.29"]

1.d4 Nf6 2.c4 e6 3.Nc3 c5 4.e3 g6 5.Nf3 Bg7 6.Bd3 O-O 7.O-O b6 8.b3 Bb7 9.
Bb2 cxd4 10.Nxd4 a6 11.Qd2 d5 12.cxd5 exd5 13.Nce2 Nbd7 14.Rac1 Nc5 15.b4 
Nce4 16.Bxe4 dxe4 17.Rfd1 Ng4 18.Nf4 Ne5 19.Qe2 Qe7 20.b5 axb5 21.Qxb5 
Rxa2 22.Qxb6 Nd3 23.Nf5 gxf5 24.Bxg7 Kxg7 25.Rc7 Qh4 26.g3 Qg4 27.Qd4+ 1-0

[Event "III Open Magistrale"]
[Site "Castellaneta ITA"]
[Date "1999.08.31"]
[Round "5"]
[White "Viaggi, Giovanni"]
[Black "Indelicati, Giuseppe"]
[Result "1-0"]
[WhiteElo "2145"]
[BlackElo "2239"]
[PlyCount "85"]
[EventDate "1999.08.29"]

1.e4 e5 2.Nf3 Nc6 3.Bb5 a6 4.Ba4 Nf6 5.d4 exd4 6.O-O Be7 7.e5 Ne4 8.Nxd4 
O-O 9.Nf5 d5 10.Bxc6 bxc6 11.Nxe7+ Qxe7 12.Re1 f5 13.f3 Nc5 14.b3 Ne6 15.
Ba3 c5 16.Qxd5 Rb8 17.Nc3 Rd8 18.Qc4 Rd4 19.Qf1 Bb7 20.Rad1 Rbd8 21.Rxd4 
Rxd4 22.Bc1 g5 23.Ne2 Rd8 24.Ng3 Qf7 25.f4 g4 26.Rd1 Rxd1 27.Qxd1 Kg7 28.
Be3 h5 29.c3 h4 30.Ne2 Qe8 31.c4 Qc6 32.Qf1 Qe4 33.Qf2 Qb1+ 34.Nc1 Qe4 35.
Qd2 Bc6 36.Nd3 h3 37.Ne1 Qb1 38.Kf2 hxg2 39.Nxg2 Qh1 40.Kg3 Qf1 41.Qf2 
Bxg2 42.Qxg2 Qxg2+ 43.Kxg2 1-0

[Event "III Open Magistrale"]
[Site "Castellaneta ITA"]
[Date "1999.08.31"]
[Round "6"]
[White "Artizzu, Giulio"]
[Black "Ceglio, Fulvio"]
[Result "1/2-1/2"]
[WhiteElo "1825"]
[BlackElo "2060"]
[PlyCount "22"]
[EventDate "1999.08.29"]

1.e4 e6 2.d4 d5 3.exd5 exd5 4.Bd3 Nf6 5.Nf3 Bd6 6.O-O O-O 7.c3 c6 8.Re1 
Bg4 9.Nbd2 Nbd7 10.Nf1 Re8 11.Ne3 Bh5 1/2-1/2

[Event "III Open Magistrale"]
[Site "Castellaneta ITA"]
[Date "1999.08.31"]
[Round "6"]
[White "Bottino, Alexiei"]
[Black "Di Gianni, Rocco"]
[Result "1/2-1/2"]
[WhiteElo "2207"]
[BlackElo "2120"]
[PlyCount "29"]
[EventDate "1999.08.29"]

1.Nf3 e6 2.d4 f5 3.g3 Nf6 4.Bg2 d6 5.O-O Be7 6.c4 O-O 7.Nc3 Qe8 8.Re1 Qh5 
9.e4 fxe4 10.Nxe4 Nxe4 11.Rxe4 Bf6 12.Bd2 Nc6 13.Bc3 Bd7 14.Nh4 Qxd1+ 15.
Rxd1 1/2-1/2

[Event "III Open Magistrale"]
[Site "Castellaneta ITA"]
[Date "1999.08.31"]
[Round "6"]
[White "Campanile, Roberto"]
[Black "De Bortoli, Peter"]
[Result "0-1"]
[WhiteElo "2156"]
[BlackElo "2225"]
[PlyCount "78"]
[EventDate "1999.08.29"]

1.d4 d5 2.Nf3 h6 3.c4 e6 4.Nc3 Nf6 5.e3 g5 6.Ne5 h5 7.Qc2 Bg7 8.Bd2 Nbd7 
9.Nxd7 Bxd7 10.O-O-O Ng4 11.Be1 c6 12.h3 Nh6 13.g4 Ng8 14.Bg2 Ne7 15.Ne2 
Rc8 16.c5 Ng6 17.Ng3 hxg4 18.hxg4 Rxh1 19.Bxh1 Qc7 20.Bf3 Ke7 21.Bc3 Rh8 
22.Rh1 Rxh1+ 23.Bxh1 e5 24.dxe5 Bxe5 25.Nf5+ Bxf5 26.gxf5 Nh4 27.Be1 Bf6 
28.f3 Qe5 29.e4 Nxf3 30.Bxf3 Qf4+ 31.Qd2 Qxf3 32.exd5 Qxd5 33.Qxd5 cxd5 
34.Bg3 Bd4 35.b4 Kf6 36.Bd6 Kxf5 37.b5 Ke6 38.Bf8 g4 39.Kd2 g3 0-1

[Event "III Open Magistrale"]
[Site "Castellaneta ITA"]
[Date "1999.08.31"]
[Round "6"]
[White "Iordachescu, Viorel"]
[Black "Rausis, Igors"]
[Result "1/2-1/2"]
[WhiteElo "2553"]
[BlackElo "2496"]
[PlyCount "22"]
[EventDate "1999.08.29"]

1.e4 c6 2.d4 d5 3.e5 Bf5 4.Nf3 e6 5.Be2 Ne7 6.O-O c5 7.c4 Nbc6 8.Nc3 dxc4 
9.Bg5 a6 10.dxc5 Qxd1 11.Rfxd1 Ng6 1/2-1/2

[Event "III Open Magistrale"]
[Site "Castellaneta ITA"]
[Date "1999.08.31"]
[Round "6"]
[White "Lagumina, Giulio"]
[Black "Foisor, Ovidiu-Doru"]
[Result "0-1"]
[WhiteElo "2281"]
[BlackElo "2472"]
[PlyCount "52"]
[EventDate "1999.08.29"]

1.d4 Nf6 2.c4 e6 3.Nc3 Bb4 4.f3 c5 5.d5 Bxc3+ 6.bxc3 Qa5 7.Qb3 exd5 8.cxd5
Nxd5 9.e4 Nb6 10.Bf4 d5 11.exd5 O-O 12.O-O-O c4 13.Bxc4 Nxc4 14.Qxc4 Na6 
15.Kb2 Bd7 16.Nh3 Rfc8 17.Qd4 b5 18.Ng5 Rc4 19.Qd3 Bf5 20.Ne4 Bxe4 21.fxe4
Nc5 22.Qc2 Rxc3 23.Qe2 Rc8 24.Be5 Qb4+ 25.Ka1 Nb3+ 26.axb3 Rc2 0-1

[Event "III Open Magistrale"]
[Site "Castellaneta ITA"]
[Date "1999.08.31"]
[Round "6"]
[White "Sabia, Corrado"]
[Black "Mazzilli, Piero"]
[Result "1/2-1/2"]
[WhiteElo "2198"]
[BlackElo "2131"]
[PlyCount "109"]
[EventDate "1999.08.29"]

1.e4 c5 2.Nf3 d6 3.d4 cxd4 4.Nxd4 Nf6 5.Nc3 a6 6.f4 Qc7 7.Be2 e5 8.Nf5 
Bxf5 9.exf5 Nc6 10.O-O Nd4 11.Bd3 h5 12.Be3 Be7 13.Re1 O-O-O 14.Bxd4 exd4 
15.Ne4 Ng4 16.Qf3 Kb8 17.Ng5 Bf6 18.Qd5 Rd7 19.b4 Ne3 20.Qb3 d5 21.Nh3 Rc8
22.b5 a5 23.b6 Qc5 24.Rab1 Rd6 25.Ng5 Bxg5 26.fxg5 Nc4 27.Bxc4 dxc4 28.Qb5
Qxb5 29.Rxb5 d3 30.cxd3 cxd3 31.Kf1 a4 32.a3 Rcd8 33.h4 Rd4 34.g3 d2 35.
Rd1 Rd3 36.Rb2 Rxg3 37.Rbxd2 Rc8 38.Rd3 Rg4 39.Rd4 Rg3 40.R1d3 Rc1+ 41.Kf2
Rxd3 42.Rxd3 Kc8 43.Rd4 Rc5 44.Rxa4 Rxf5+ 45.Ke3 Rb5 46.Rc4+ Kd8 47.Rc7 
Rxb6 48.Rxf7 g6 49.Kd4 Rb3 50.Ke5 Rxa3 51.Rxb7 Ra6 52.Rf7 Ke8 53.Rf6 Ra4 
54.Rxg6 Rxh4 55.Kf6 1/2-1/2

[Event "III Open Magistrale"]
[Site "Castellaneta ITA"]
[Date "1999.08.31"]
[Round "6"]
[White "Scalcione, Michelangelo"]
[Black "Piscopo, Pierluigi"]
[Result "1/2-1/2"]
[WhiteElo "2177"]
[BlackElo "2039"]
[PlyCount "66"]
[EventDate "1999.08.29"]

1.Nf3 g6 2.c4 Bg7 3.e4 d6 4.d4 Nf6 5.Nc3 O-O 6.Be2 e5 7.O-O Nc6 8.d5 Ne7 
9.Nd2 a5 10.Rb1 Bd7 11.b3 c6 12.a3 b5 13.cxb5 cxd5 14.Nxd5 Nfxd5 15.exd5 
Bf5 16.Bc4 Bxb1 17.Nxb1 Nf5 18.a4 e4 19.Re1 Re8 20.Bd2 Qb6 21.Re3 Bd4 22.
Qe1 Nxe3 23.fxe3 Be5 24.Na3 f5 25.g3 f4 26.gxf4 Bxf4 27.Kg2 Bh6 28.Bf1 Rf8
29.Nc4 Qc5 30.Qh4 Rxf1 31.Kxf1 Qxd5 32.Qxh6 Qd3+ 33.Ke1 Qb1+ 1/2-1/2

[Event "III Open Magistrale"]
[Site "Castellaneta ITA"]
[Date "1999.08.31"]
[Round "6"]
[White "Sibilio, Mario"]
[Black "Lazarev, Vladimir"]
[Result "1/2-1/2"]
[WhiteElo "2336"]
[BlackElo "2501"]
[PlyCount "32"]
[EventDate "1999.08.29"]

1.e4 c5 2.Nf3 Nc6 3.Bb5 e6 4.O-O Nge7 5.Re1 Ng6 6.c3 a6 7.Bf1 Be7 8.d4 
cxd4 9.cxd4 d6 10.Nc3 e5 11.h3 O-O 12.Nd5 f5 13.dxe5 dxe5 14.Be3 fxe4 15.
Bb6 Qd7 16.Nd2 Qf5 1/2-1/2

[Event "III Open Magistrale"]
[Site "Castellaneta ITA"]
[Date "1999.08.31"]
[Round "6"]
[White "Tomescu, Vlad"]
[Black "Sermek, Drazen"]
[Result "1/2-1/2"]
[WhiteElo "2453"]
[BlackElo "2545"]
[PlyCount "33"]
[EventDate "1999.08.29"]

1.e4 e6 2.d4 d5 3.Nd2 Nf6 4.Bd3 c5 5.e5 Nfd7 6.c3 Nc6 7.Ne2 cxd4 8.cxd4 
Qb6 9.Nf3 f6 10.exf6 Nxf6 11.O-O Bd6 12.b3 O-O 13.Bf4 Bxf4 14.Nxf4 Bd7 15.
Re1 Rfe8 16.Rc1 Kh8 17.Bb1 1/2-1/2

[Event "III Open Magistrale"]
[Site "Castellaneta ITA"]
[Date "1999.08.31"]
[Round "6"]
[White "Viaggi, Giovanni"]
[Black "Ausmins, Elmar"]
[Result "0-1"]
[WhiteElo "2145"]
[BlackElo "2261"]
[PlyCount "89"]
[EventDate "1999.08.29"]

1.e4 c5 2.Nf3 d6 3.d4 cxd4 4.Nxd4 Nf6 5.Nc3 a6 6.Be3 e5 7.Nb3 Be6 8.f3 Be7
9.Qd2 O-O 10.O-O-O b5 11.g4 Nc6 12.h4 b4 13.Nd5 Bxd5 14.exd5 Nb8 15.Qxb4 
a5 16.Qa4 Nbd7 17.g5 Nh5 18.Rg1 Qc7 19.Kb1 Rfb8 20.Rg4 g6 21.Rc4 Qd8 22.
Bh3 Nb6 23.Bxb6 Qxb6 24.Rc6 Qf2 25.Qe4 Nf4 26.Bf1 Qxh4 27.c4 a4 28.Nd2 
Qxg5 29.c5 f5 30.Qc2 Rd8 31.Nc4 h5 32.cxd6 Bf6 33.Nb6 Rab8 34.d7 h4 35.Qc5
h3 36.Bxh3 Nxh3 37.Rc8 Kg7 38.Qc7 Rxb6 39.Qxb6 a3 40.Qe6 Nf4 41.Qd6 Qg2 
42.Qxa3 e4 43.Rxd8 Bxd8 44.Qc3+ Bf6 45.fxe4 0-1

[Event "XLI Festival A"]
[Site "Imperia ITA"]
[Date "1999.08.??"]
[Round "?"]
[White "Babula, Milan"]
[Black "Gross, Stefan"]
[WhiteElo "2334"]
[BlackElo "2371"]
[Result "1-0"]
[PlyCount "37"]
[EventDate "1999.08.29"]

1. e4 c5 2. Nf3 d6 3. d4 cxd4 4. Nxd4 Nf6 5. Nc3 Nbd7 6. Be3 a6 7. g4 d5 8.
exd5 Nb6 9. Nf5 g6 10. Qd4 Nbxd5 11. O-O-O Be6 12. Ng3 Bg7 13. g5 Nh5 14. Qa4+
b5 15. Qe4 Nxg3 16. hxg3 Bxc3 17. bxc3 Rc8 18. Qe5 O-O 19. Bd4 1-0

[Event "XLI Festival A"]
[Site "Imperia ITA"]
[Date "1999.08.??"]
[Round "?"]
[White "Babula, Milan"]
[Black "Stodola, Jaroslav"]
[WhiteElo "2334"]
[BlackElo "2146"]
[Result "1-0"]
[PlyCount "79"]
[EventDate "1999.08.29"]

1. e4 c5 2. Nf3 d6 3. d4 cxd4 4. Nxd4 Nf6 5. Nc3 a6 6. Bc4 b5 7. Bb3 e6 8. a3
Be7 9. O-O O-O 10. f4 Nbd7 11. Re1 Re8 12. f5 exf5 13. Nxf5 Bf8 14. Bg5 Qc7 15.
Nd5 Nxd5 16. Qxd5 Nb6 17. Qd4 d5 18. Kh1 dxe4 19. Ng3 Bc5 20. Qc3 Bb7 21. Rf1
Nd5 22. Bxd5 Bxd5 23. Rf5 Bc4 24. b3 Qa7 25. Rxc5 Qxc5 26. Be3 Qd5 27. bxc4
bxc4 28. Bd4 f6 29. Qe3 Rab8 30. h3 Rb7 31. Rf1 Rd8 32. Nf5 Rdb8 33. c3 Qe6 34.
Qg3 h5 35. Nxg7 Qd7 36. Nxh5+ Kf7 37. Nxf6 Qc7 38. Qxc7+ Rxc7 39. Be5 Rc6 40.
Bxb8 1-0

[Event "XLI Festival A"]
[Site "Imperia ITA"]
[Date "1999.08.??"]
[Round "?"]
[White "Babula, Milan"]
[Black "Sulava, Nenad"]
[WhiteElo "2334"]
[BlackElo "2467"]
[Result "1/2-1/2"]
[PlyCount "133"]
[EventDate "1999.08.29"]

1. e4 d5 2. exd5 Qxd5 3. Nc3 Qd6 4. d4 Nf6 5. Nb5 Qb6 6. c4 c6 7. Nc3 e5 8.
dxe5 Ng4 9. Qc2 Bc5 10. Nh3 Nxe5 11. Bf4 Ng6 12. Bg3 O-O 13. O-O-O Na6 14. a3
Bg4 15. f3 Be6 16. Nf2 Rad8 17. Nfe4 Be3+ 18. Kb1 f5 19. Na4 Rxd1+ 20. Qxd1 Qd8
21. Nec3 f4 22. Qxd8 Rxd8 23. Be1 Ne5 24. b3 Bf5+ 25. Ka2 Nc7 26. Be2 Ne6 27.
Nb2 Nd4 28. Bd1 b5 29. cxb5 cxb5 30. Ne4 Nec6 31. Bh4 Ra8 32. Rf1 Be6 33. Bf2
a5 34. Nc5 Bd5 35. Kb1 Re8 36. Nbd3 Bf7 37. Re1 Nf5 38. Kb2 g5 39. Ne4 Rd8 40.
Bc2 h6 41. Rd1 Ncd4 42. Ne1 Bxf2 43. Nxf2 Ne3 44. Rd3 Bg6 45. Ne4 Bxe4 46. fxe4
Kg7 47. Bb1 g4 48. Kc3 Rc8+ 49. Kxd4 Rc1 50. Ke5 Rxe1 51. Kxf4 Nxg2+ 52. Kg3
Ne3 53. Rd7+ Kf6 54. Bd3 Ke6 55. Bxb5 Nc2 56. Rh7 Ke5 57. Rxh6 Rxe4 58. Bd7
Re3+ 59. Kxg4 Rxb3 60. a4 Rb4+ 61. Kg5 Nd4 62. Rh3 Kd6 63. Be8 Ke7 64. Re3+
Ne6+ 65. Kh5 Kf6 66. Rf3+ Ke7 67. Re3 1/2-1/2

[Event "XLI Festival A"]
[Site "Imperia ITA"]
[Date "1999.08.??"]
[Round "?"]
[White "Barlocco, Carlo"]
[Black "Riccio, Eros"]
[WhiteElo "2161"]
[BlackElo "2096"]
[Result "0-1"]
[PlyCount "88"]
[EventDate "1999.08.29"]

1. d4 d5 2. c4 dxc4 3. Nf3 Nf6 4. e3 e6 5. Bxc4 c5 6. O-O a6 7. e4 b5 8. Bb3
Bb7 9. e5 Nd5 10. a4 c4 11. Bc2 Nb4 12. Nbd2 Nxc2 13. Qxc2 Nc6 14. axb5 axb5
15. Rxa8 Bxa8 16. b3 Nxd4 17. Nxd4 Qxd4 18. bxc4 Bc5 19. Qb3 O-O 20. cxb5 Qxe5
21. Nf3 Qe2 22. Bf4 Bd5 23. Qc3 Qxb5 24. Rc1 Bb4 25. Qe5 Ba3 26. Rf1 Qc4 27.
Nd2 Qc2 28. Be3 Bb4 29. Qf4 Bc3 30. Nf3 Qg6 31. Rc1 Bb2 32. Re1 Bc3 33. Rc1 Bb2
34. Re1 Qh5 35. Rb1 Ba3 36. Ne1 Qe2 37. Qa4 Qa2 38. Qc2 Rd8 39. h3 Qxc2 40.
Nxc2 Be4 41. Rb3 Rd1+ 42. Kh2 Bd6+ 43. f4 Bxc2 44. Rc3 g5 0-1

[Event "XLI Festival A"]
[Site "Imperia ITA"]
[Date "1999.08.??"]
[Round "?"]
[White "Basciu, Simone"]
[Black "Krouzel, Jaroslav"]
[WhiteElo "2080"]
[BlackElo "2293"]
[Result "1/2-1/2"]
[PlyCount "44"]
[EventDate "1999.08.29"]

1. d4 f5 2. Nf3 Nf6 3. c4 d6 4. g3 e6 5. Bg2 Be7 6. O-O O-O 7. Nc3 Nc6 8. d5
Na5 9. Qd3 c5 10. Bd2 a6 11. Rab1 Ne4 12. Be1 b5 13. cxb5 axb5 14. Nxb5 Ba6 15.
a4 Qb6 16. Nd2 Nxd2 17. Bxd2 Rab8 18. b4 Nb7 19. Be3 Rfc8 20. Rfc1 Bxb5 21.
axb5 e5 22. f4 Bf6 1/2-1/2